| 000 | 00506nam a2200205Ia 4500 | ||
|---|---|---|---|
| 005 | 20250506172944.0 | ||
| 008 | 008 250505s9999 xx 000 0 eng d | ||
| 020 | _a9781984622631 | ||
| 037 | _aTB | ||
| 040 |
_aILCL _beng _cILCL |
||
| 041 |
_aeng _2eng |
||
| 082 | _qILCL | ||
| 245 | 0 | _aCybercrime | |
| 260 |
_aNew York _b3G E-Learning LLC _c2019 |
||
| 300 | _a191p. | ||
| 365 | _aINR | ||
| 710 |
_a3G E-Learning LLC, USA _9754864 |
||
| 942 |
_cTB _2Colon Classification |
||
| 999 |
_c1312931 _d1312931 |
||